000 00423nam a2200157Ia 4500
003 GCL
008 140319s9999 xx 000 0 eng d
040 _aGCL /
_cGCL
082 0 4 _a741.2
_bG D
100 1 _aGALLWITZER, GERHARD
245 1 0 _aDRAWING STEP - BY - STEP /
_cGALLWITZER, GERHARD
260 _a[S.N] :
_bSTELING PUBISHIES CO., INC ،
_c1983
300 _a158 P
650 0 4 _aDRAWING TECHNIQUE
942 _2ddc
_cBK
999 _c17786
_d17786